1563 1349 1652 1722 1566 1066 1849 1182 1314 1283 1567 1797 1231 1831 1894 1611 1848 1989 1482 1277 1443 1068 1659 1731 1273 1255 1856 1891 1180 1917 1710 1530 1489 1057 1228 1019 1679 1964 1339 1309 1709 1453 1617 1651 1065 1872 1096 1332 1920 1555 1725 1820 1662 1740 1478 1613 1614 1751 1410 1027 1969 1251 1300 1650 1974 1368 1780 1101 1972 1442 1891 1635 1122 1735 1787 1008 1661 1821 1843 1180 1675 1515 1737 1896 1457 1156 1394 1852 1177 1048 1348 1721 1316 1969 1011 1976 1698 1140 1106 BCNSPRNW ULIB Ver.6.0+V

เปลี่ยนเป็นภาษาไทย

Change to English
 แสดงรายละเอียดบรรณานุกรม
  กลับหน้าหลัก

Brief Record : Get Marc (ISO 2709) : E-mail record : QR code < ปิดหน้าต่าง
LEADER : 00000nam 2200000uu 4500
001    13399125960
003     ULIB
008    171123s2559||||th 000 0 tha d
020    ^a9786162799273
050  4 ^aBL2017.9^bอ46ส
100 0  ^aอภิรัฐ คำวัง
245 10 ^aสิงห์ปัญจาบ ณ สยามประเทศ :^bประวัติศาสตร์ ปรัชญาศาสนา สังคมวัฒนธรรม /^cอภิรัฐ คำวัง
246 31 ^aThe Singh of Punjub in Siam Pradesh : their history, philosophy, relegion, and socio-culture base
250    ^aพิมพ์ครั้งแรก
260    ^aนครปฐม :^bศูนย์ภารตะศึกษา สถาบันวิจัยภาษาและวัฒนธรรมเอเชีย มหาวิทยาลัยมหิดล,^c2559
300    ^a166 หน้า :^bภาพประกอบ
500    ^aหนังสือรวบรวมบทความวิชาการว่าด้วยเรื่องของชาวไทยซิกข์ ที่เคยตีพิมพ์ในวารสารวิชการของมหาวิทยาลัยมหิดล สาขาสังคมศาสตร์และมนุษย์ศาสตร์ ระหว่างปี พ.ศ.25353 - 2558
590    ^aGift-T-60
650  7 ^aศาสนาซิกข์
650  7 ^aซิกข์^zไทย
650  7 ^aปรัชญาซิกข์
710 2  ^aมหาวิทยาลัยมหิดล^bสถาบันวิจัยภาษาและวัฒนธรรมเอเชีย
710 2  ^aสถาบันวิจัยภาษาและวัฒนธรรมเอเชีย^bศูนย์ภารตะศึกษา
945    ^p0^l0^i003400
999    ^aประนอม เกษจรัล
รายการนี้ยังไม่มีแท็ก
คุณยังไม่ได้ล็อกอิน คุณสามารถมีกิจกรรมร่วมกับเว็บไซต์ได้ แต่ต้องล็อกอินก่อน ::
  ล็อกอิน

รายการสื่อสารสนเทศ

ลำดับที่ ประเภท เลขเรียก/บาร์โค้ด สถานที่ สถานะ
1. วิทยาศาสตร์การแพทย์ และสุขภาพ
วิทยาศาสตร์การแพทย์ และสุขภาพ
BL2017.9 อ46ส ฉ.1 
  Barcode: 003400
ห้องสมุดวิทยาเขตสวรรค์ประชารักษ์
►หนังสือทั่วไป
บนชั้น

รายการใกล้เคียง
    ผู้แต่ง [อภิรัฐ คำวัง]

BibComment


ยังไม่เคยถูกคอมเมนท์

คอมเมนท์ทรัพยากรรายการนี้
  คอมเมนท์: สิงห์ปัญจาบ ณ สย..


 Copyright 2026. Bcnsprnw @Library